[Event "Havana Province-ch sf Fase 1"]
[Site "Havana"]
[Date "2010.05.10"]
[Round "4"]
[White "Gonzalez, Fernandez Oscar"]
[Black "Pino Perez, Lazaro"]
[Result "0-1"]
[WhiteElo "2124"]
[BlackElo "2079"]
[PlyCount "78"]
[EventDate "2010.05.05"]
[EventType "swiss"]
[EventRounds "9"]
[EventCountry "CUB"]
[EventCategory "1"]
[SourceTitle "EXT 2019"]
[Source "ChessBase"]
[SourceDate "2018.10.10"]
[SourceVersion "1"]
[SourceVersionDate "2018.10.10"]
[SourceQuality "1"]

1. d4 e6 2. Nf3 d5 3. c3 c5 4. e3 Nc6 5. Bd3 Nf6 6. Nbd2 Bd6 7. 0-0 0-0 8. dxc5 Bxc5 9. e4 Qc7 10. Qe2 Be7 11. h3 b6 12. Re1 Bb7 13. e5 Nd7 14. Nb3 Rfd8 15. Bf4 Nc5 16. Nxc5 bxc5 17. Ng5 h6 18. Nxf7 Kxf7 19. Qh5+ Kg8 20. Qg6 Bg5 21. Bxg5 hxg5 22. Qh7+ Kf8 23. Bg6 Ne7 24. Qh8+ Ng8 25. f4 gxf4 26. Qh4 Nh6 27. Qxf4+ Kg8 28. g4 Rf8 29. Qg3 Qb6 30. Rf1 c4+ 31. Kh2 Qxb2+ 32. Kg1 Qb6+ 33. Kh2 Rxf1 34. Rxf1 Rf8 35. Rxf8+ Kxf8 36. Qf3+ Ke7 37. Qe2 d4 38. cxd4 Qxd4 39. Kg3 Ng8 0-1